Top K-pop 2022 - Statistics

General Stats
  • This quiz has been taken 5 times
  • The average score is 9 of 25
Answer Stats
Hint Answer % Correct
IVE After Like
75%
LE SSERAFIM ANTIFRAGILE
75%
NewJeans Attention
75%
IVE LOVE DIVE
75%
Stray Kids MANIAC
75%
BLACKPINK Pink Venom
75%
(G)I-DLE Tomboy
75%
Fromis_9 DM
50%
Girls Generation Forever 1
50%
TWICE Talk that Talk
50%
PSY & Suga That That
50%
Miyeon Drive
25%
Jay Park & IU Ganadara
25%
Taeyeon INVU
25%
Zico & Homies New Thing
25%
BTS Run BTS
25%
Paul Blanco & BE’O Summer
25%
Billlie GingaMingaYo (the strange world)
0%
WINNER I LOVE U
0%
Hwa Sa & Loco Somebody
0%
BIGBANG Still Life
0%
Jin The Astronaut
0%
KARA When I Move
0%
Jimin & Ha Sung Woon With You
0%
SEVENTEEN _WORLD
0%
No matching quizzes found
Score Distribution
Percent of People with Each Score
Percentile by Number Answered
Your Score History
You have not taken this quiz